Přímá oxydace cukrů : (pentosový cyklus) /
Uložené v:
| Hlavný autor: | |
|---|---|
| Médium: | Kniha |
| Jazyk: | Czech |
| Vydané: |
Praha :
Československá akademie věd,
1957.
|
| Vydanie: | 1. vyd. |
| Edícia: | Malá knižnice Chemických listů
sv. 9 Práce Čs. akademie věd. Sekce chemická Malé monografie Chemických listů |
| ISBN: |
(brož.) |
| Fyzický popis: |
35, [1] s. |
| Tagy: |
Pridať tag
Žiadne tagy, Buďte prvý kto otaguje tento záznam!
|
Titul je dostupný aj v ... 

MARC
| LEADER | 00000nam a22000007a 4500 | ||
|---|---|---|---|
| 001 | 000463528 | ||
| 005 | 20150410233155.0 | ||
| 008 | 110809 1957 xr e cze d | ||
| 020 | |a (brož.) |c Kčs 4,00 | ||
| 040 | |a SVKKK |b slo |c SVKKK |e AACR2 | ||
| 041 | 0 | |a cze | |
| 044 | |a xr |c CZ | ||
| 100 | 1 | |a Černoch, Miroslav |4 aut | |
| 245 | 1 | 0 | |a Přímá oxydace cukrů : |b (pentosový cyklus) / |c Miroslav Černoch. |
| 250 | |a 1. vyd. | ||
| 260 | |a Praha : |b Československá akademie věd, |c 1957. | ||
| 300 | |a 35, [1] s. | ||
| 366 | |e 900 výt. | ||
| 490 | 1 | |a Práce Čs. akademie věd. Sekce chemická | |
| 490 | 1 | |a Malá knižnice Chemických listů |v sv. 9 | |
| 490 | 1 | |a Malé monografie Chemických listů | |
| 500 | |a Zvl. ot. Chem. listov, roč. 51/1957 | ||
| 504 | |a Prehľ. lit. | ||
| 830 | 0 | |a Malá knižnice Chemických listů |v sv. 9 | |
| 830 | 0 | |a Práce Čs. akademie věd. |p Sekce chemická | |
| 830 | 0 | |a Malé monografie Chemických listů | |
| 910 | |a svkkk | ||
| 998 | |a BK | ||
| 090 | |g SCKHL |k Sklad Pribinova 1. posch. |a IV.12330 |j 143593 |i 463528-20 |s Prezenčne | ||
| 090 | |g SCKHL |k Sklad Pribinova 1. posch. |a IV.16186 |j 155104 |i 463528-10 |s Prezenčne | ||